Travel with the Fewest Border Crossings #3 - Statistics

General Stats
  • This quiz has been taken 586 times
  • The average score is 15 of 16
Answer Stats
Origin (Step) Destination (Step) Answer % Correct
El Salvador (2) Canada (2) Mexico
97%
El Salvador (3) Canada (3) United States
97%
El Salvador (1) Canada (1) Guatemala
96%
Bangladesh (3) Singapore (3) Malaysia
96%
Swaziland (1) Rep. of Congo (1) Mozambique
96%
Bangladesh (1) Singapore (1) Myanmar
96%
Bosnia & Herzegovina (1) Turkmenistan (1) Serbia
96%
Bangladesh (2) Singapore (2) Thailand
96%
Swaziland (2) Rep. of Congo (2) Zambia/Tanzania
95%
Bosnia & Herzegovina (2) Turkmenistan (2) Bulgaria
93%
Bosnia & Herzegovina (3) Turkmenistan (3) Turkey
92%
Swaziland (3) Rep. of Congo (3) DR Congo
91%
Bosnia & Herzegovina (4) Turkmenistan (4) Iran
90%
Sierra Leone (3) Tunisia (3) Algeria
89%
Sierra Leone (2) Tunisia (2) Mali
89%
Sierra Leone (1) Tunisia (1) Guinea
88%
No matching quizzes found
Score Distribution
Percent of People with Each Score
Percentile by Number Answered
Your Score History
You have not taken this quiz